El comunismo en la enseñanza secundaria : aspectos educativos de enseñanza secundaria.

Sparad:
Bibliografiska uppgifter
Huvudupphov: Reyes de Viana, Celja (autor)
Materialtyp: Bok
Språk:spanska
Ämnen:
Taggar: Lägg till en tagg
Inga taggar, Lägg till första taggen!

MARC

LEADER 00000cam^a2200000uu^4500
001 000470453
005 20250521000000.0
008 050901s1969^^^^^^^^^^^^rd^r^^000^0^spa^d
009 20260310124601.312
035 |a FCE 000013241 
035 |a FCE 001019 
037 |a Acervo ITESO - Biblioteca 
041 |a spa 
082 0 4 |a 373.14  |b R579c 
100 |a Reyes de Viana, Celja  |e (autor) 
245 1 3 |a El comunismo en la enseñanza secundaria :  |b aspectos educativos de enseñanza secundaria. 
264 |a Montevideo :  |b [s.n.],  |c 1969. 
300 |a 184 p. 
336 |a texto  |b txt  |2 rdacontenido 
337 |a sin mediación  |b n  |2 rdamedio 
338 |a volumen  |b nc  |2 rdasoporte 
649 |a XX 
650 |a Comunismo 
650 |a Educación secundaria 
910 |a Fondo Centro de Estudios Educativos 
920 |a Impresos - Libros 
930 |a Fondos Especiales 
905 |a 133 
901 |a ALE001019  |b IT2  |c CEE  |u 20250521 
902 |a https://opac.biblio.iteso.mx/vufind/Record/000470453